Persian Gulf Countries - Statistics

General Stats
  • This quiz has been taken 1,088 times
  • The average score is 8 of 8
Answer Stats
Country % Correct
Iran
98%
Iraq
98%
Oman
97%
Saudi Arabia
97%
Kuwait
95%
Qatar
95%
Bahrain
94%
United Arab Emirates
94%
No matching quizzes found
Score Distribution
Percent of People with Each Score
Percentile by Number Answered
Your Score History
You have not taken this quiz